the true face of PKK terrorist organisation (Record no. 542623)
[ view plain ]
| 000 -LEADER | |
|---|---|
| fixed length control field | 00363nam a22001217a 4500 |
| 020 ## - INTERNATIONAL STANDARD BOOK NUMBER | |
| International Standard Book Number | 975-7430-09-9 |
| 082 ## - DEWEY DECIMAL CLASSIFICATION NUMBER | |
| Classification number | 303.625 |
| Author Mark | ORG |
| -- | D |
| 110 ## - MAIN ENTRY--CORPORATE NAME | |
| Corporate name or jurisdiction name as entry element | Kok Social and Strategic Research Foundation |
| 9 (RLIN) | 37872 |
| 245 ## - TITLE STATEMENT | |
| Title | the true face of PKK terrorist organisation |
| 260 ## - PUBLICATION, DISTRIBUTION, ETC. | |
| Place of publication, distribution, etc. | Turkey |
| Name of publisher, distributor, etc. | Sistem ofset |
| Date of publication, distribution, etc. | 1999 |
| 526 ## - STUDY PROGRAM INFORMATION NOTE | |
| Program name | 0 |
| Interest level | 0 |
| Reading level | 0 |
| Title point value | 303_625000000000000_ORG |
| 942 ## - ADDED ENTRY ELEMENTS (KOHA) | |
| Source of classification or shelving scheme | |
| Koha item type | Book |
| Withdrawn status | Lost status | Source of classification or shelving scheme | Damaged status | Not for loan | Permanent Location | Current Location | Date acquired | Total Checkouts | Full call number | Barcode | Date last seen | Price effective from | Koha item type |
|---|---|---|---|---|---|---|---|---|---|---|---|---|---|
| Military College of Engineering (MCE) | Military College of Engineering (MCE) | 02/06/2014 | 303.625 ORG | MCE-44735 | 02/06/2014 | 02/06/2014 | Book |
